000 00897nam a2200205Ia 4500
003 Ost
005 20260507075124.0
008 260507s9999||||xx |||||||||||||| ||und||
020 _a9056352977
040 _cfsecg
041 _aara
082 _a330
100 _aالجابر، هاني
_eمؤلف
245 0 _aإدارة الأعمال :
_bإدارة التفاوض /
_c هاني الجابر
260 _aالإسكندرية:
_bمكتبة ومطبعة الإشعاع الفنية,
_c2006
300 _a184 صفحة؛
_c24 سم
520 _aفن التفاوض والكسب المتبادل-أفصل الناس عن المشكلة-كيف تحصل على "نعم"-كيف تصبح مفاوضا ناجحا-ماذا يحدث إن لم يقوموا بالتحريك-الناس تسأل عن كيفية الوصول إلى نعم
653 _aإدارة الأعمال
942 _cكتاب
999 _c43119
_d43119